Capitales du Moyen-Orient - Quiz - Statistiques

Statistiques générales
  • Ce quiz a été pris 65 398 fois
  • Le résultat moyen est 11 sur 16
Réponses sur la Carte
Les réponses sont colorées sur une échelle allant du rouge au vert en fonction du pourcentage des utilisateurs qui les ont devinées à leur premier essai. Vous pouvez retrouver ces pourcentages ci-dessous.
 
Statistiques - réponses
Pays Capitale % Correct
Égypte Le Caire
96%
Turquie Ankara
92%
Israël / Palestine Jérusalem
91%
Irak Bagdad
80%
Liban Beyrouth
79%
Iran Téhéran
79%
Arabie Saoudite Riyad
74%
Émirats arabes unis Abou Dabi
73%
Qatar Doha
73%
Syrie Damas
72%
Koweït Koweït
70%
Chypre Nicosie
67%
Jordanie Amman
51%
Yémen Sanaa
49%
Oman Mascate
41%
Bahreïn Manama
35%
Aucun quiz correspondant
Distribution des résultats
% des personnes avec chaque résultat
Percentile par nombre de réponses
Votre historique - résultats
Vous n’avez pas pris ce quiz